00385cam a22001217a 4500008004000000082001800040100002700058245005700085260003200142300001000174500004800184650003100232180718b1968 xxu||||| |||| 00| 0 eng d aA99 D629/P383 aPenney, Annette Culler aGolden voice of the senatecby Annette Culler Penney aWashingtonbAcropolisc1968 a143p. aCongressional leadership series volume no.3 aDirksen, Everett McKinley.